Defence import and made in India / (Record no. 143477)

MARC details
000 -LEADER
fixed length control field 00651nam a22001937a 4500
005 - DATE AND TIME OF LATEST TRANSACTION
control field 20170817141426.0
010 ## - LCCN (DPL NO)
LC control number ENG-119787
020 ## - INTERNATIONAL STANDARD BOOK NUMBER
International Standard Book Number 9789386720023
Terms of availability 1495.00
035 ## - SYSTEM CONTROL NUMBER
System control number EN-103319
037 ## - SOURCE OF ACQUISITION
Source of stock number/acquisition DBAD/PUB
082 ## - DEWEY DECIMAL CLASSIFICATION NUMBER
Classification number 355.070954
245 ## - TITLE STATEMENT
Title Defence import and made in India /
Statement of responsibility, etc edited by Nabam Nato
260 ## - PUBLICATION, DISTRIBUTION, ETC. (IMPRINT)
Place of publication, distribution, etc Ghaziabad
Name of publisher, distributor, etc Rathore Publishers and Distributors
Date of publication, distribution, etc 2018
270 ## - ADDRESS
Address Basement-260, Shaktikhand-III, Indrapuram,
City Ghaziabad (UP)
Postal code 201010
300 ## - PHYSICAL DESCRIPTION
Extent vii,256p. :
Dimensions 23cm(Hb)
Other physical details ill.
500 ## - GENERAL NOTE
General note Includes bibliographical references and index
700 ## - ADDED ENTRY--PERSONAL NAME
Personal name Nato, Nabam
942 ## - ADDED ENTRY ELEMENTS (KOHA)
Source of classification or shelving scheme Dewey Decimal Classification
Item type English Books
Classification part 355.070954
Call number suffix DEF
Holdings
Withdrawn status Lost status Not for loan Collection code Home library Current library Date acquired Source of acquisition Cost, normal purchase price Full call number Barcode Copy number Cost, replacement price Koha item type
      Non-fiction Narela Narela 17/08/2017 DBAD/PUB 1495.00 355.070954 DEF EN-103319 1 1495.00 English Books

© Delhi Public Library
Hit Counter
free hit counter